| 000 | 00399nam a2200157Ia 4500 | ||
|---|---|---|---|
| 008 | 210719s1963 xx 000 0 und d | ||
| 041 | _aeng | ||
| 082 | _a327 HERT | ||
| 100 | _aHERTER (Christian A) | ||
| 245 | _aToward an atlantic community. | ||
| 260 |
_aNY _bHarper & Row Publishers. _c1963 |
||
| 300 |
_aix,107 _bPB |
||
| 365 | _cRs | ||
| 650 | _aInternational Relations | ||
| 906 | _aN A T O | ||
| 999 |
_c212745 _d212745 |
||